Statistiques concernant Pays les plus peuplés en 2100 (Projection)

Cliquez ici pour prendre le quiz!

Statistiques générales

  • Ce quiz a été pris 76 fois
  • Le résultat moyen est 13 sur 15

Statistiques - réponses

Population actuelle (en millions)Population projetée (en millions)Pays% Correct
1,4391,065Chine
100%
1,3801,447Inde
100%
212181Brésil
99%
331434États-Unis
96%
24165Niger
93%
90362République démocratique du Congo
91%
206733Nigéria
88%
273321Indonésie
87%
221403Pakistan
86%
165151Bangladesh
82%
102225Égypte
79%
115294Éthiopie
75%
110146Philippines
75%
60286Tanzanie
64%
33188Angola
46%

Distribution des résultats

Percentile par nombre de réponses

% des personnes avec chaque résultat

Votre développement - résultats

Vous n’avez pas pris ce quiz